| 000 | 00895nam a2200265Ia 4500 | ||
|---|---|---|---|
| 003 | OSt | ||
| 005 | 20220928124129.0 | ||
| 006 | a|||||r|||| 00| 0 | ||
| 007 | ta | ||
| 008 | 220927b |||||||| |||| 00| 0 eng d | ||
| 020 | _c4233.0469999999996 | ||
| 024 | _a109126 | ||
| 037 |
_b43, 23/08/2010, Aviva Books Company _cTextual |
||
| 040 |
_aSDCL _cSDCL _beng |
||
| 041 |
_2eng _aeng |
||
| 082 | _aX81:8, Q0 | ||
| 100 |
_aKouns Jake _9463478 |
||
| 245 | 0 |
_aInformation technology risk management in enterprise environments _b A review of industry practices and a practical guide to risk management teams. |
|
| 260 |
_aNew Jersey _bWiley _c2010 |
||
| 300 |
_axv,421p _ccm. |
||
| 650 | _aFinancial Studies | ||
| 700 |
_a Minoli Daniel _9463479 |
||
| 942 |
_hX81:8, Q0 _cTEXL _2CC |
||
| 999 |
_c776379 _d776379 |
||